Corporate- Level Strategy : Greeting Value in the Multibusiness Company (Record no. 3255)
[ view plain ]
| 005 - DATE AND TIME OF LATEST TRANSACTION | |
|---|---|
| control field | 20250605163742.0 |
| 020 ## - INTERNATIONAL STANDARD BOOK NUMBER | |
| International Standard Book Number | 0-471-04716-3 |
| 082 ## - DEWEY DECIMAL CLASSIFICATION NUMBER | |
| Classification number | TEA LECT 658.046 GOO |
| 100 ## - MAIN ENTRY--PERSONAL NAME | |
| Author name | GOOLD, M. |
| 245 ## - TITLE STATEMENT | |
| Title | Corporate- Level Strategy : Greeting Value in the Multibusiness Company |
| 260 ## - PUBLICATION, DISTRIBUTION, ETC. | |
| Place of publication, distribution, etc. | New York, |
| Name of publisher, distributor, etc. | John Wiley &son, Inc, |
| Date of publication, distribution, etc. | 1994. |
| 300 ## - PHYSICAL DESCRIPTION | |
| Extent | xiv, 450p.: Ill.;figures & table . |
| Other physical details | Bibliographical references & Index |
| Dimensions | 24cm. |
| 700 ## - ADDED ENTRY--PERSONAL NAME | |
| Other authors/Editors | CAMPBELL, A. & ALEXANDER, M. |
| 942 ## - ADDED ENTRY ELEMENTS (KOHA) | |
| Source of classification or shelving scheme | Dewey Decimal Classification |
| Koha item type | Books |
| Date last seen | Total checkouts | Full call number | Barcode | Cost, replacement price | Price effective from | Koha item type | Lost status | Source of classification or shelving scheme | Damaged status | Not for loan | Withdrawn status | Home library | Current library | Shelving location | Date acquired | Cost, normal purchase price |
|---|---|---|---|---|---|---|---|---|---|---|---|---|---|---|---|---|
| 06/26/2025 | 658.046GOO | DOM0001480 | 438192.00 | 06/26/2025 | Books | Dewey Decimal Classification | CBE Dodoma | CBE Dodoma | General Collection | 04/22/2005 | 146064.00 | |||||
| 06/05/2025 | TEA LECT 658.046 GOO | 00000011213 | 438192.00 | 06/05/2025 | Books | Dewey Decimal Classification | College of Business Education Main Library | College of Business Education Main Library | General Collection | 04/22/2005 | 146064.00 | |||||
| 06/05/2025 | TEA LECT 658.046 GOO | 00000011214 | 438192.00 | 06/05/2025 | Books | Dewey Decimal Classification | College of Business Education Main Library | College of Business Education Main Library | General Collection | 04/22/2005 | 146064.00 | |||||
| 06/07/2025 | LECT 658.046 GOO | 00000011378 | 438192.00 | 06/07/2025 | Books | Dewey Decimal Classification | College of Business Education Main Library | College of Business Education Main Library | General Collection | 04/22/2005 | 146064.00 |
